000 00705nam a2200229Ia 4500
005 20241129110004.0
008 241129s9999||||xx |||||||||||||| ||und||
020 _a978-1-032-23171-6
037 _aTB
040 _aARTS
_beng
_cARTS
041 _aeng
_2eng
084 _aO111944,3:g R3
_qARTS
100 _aSinha Suvadip Au.
_9726763
245 0 _aEntangles fictions: nonhuman animals in and Indian world
_cSinha Suvadip Au.
260 _aNew York, USA
_bRoutledge
_c2023
300 _a169p.
365 _aUKP
_b130
490 _aPerspectives on the non - human in literature and culture
650 _aEnglish Literature
942 _cTB
_hO111944,3:g R3
999 _c1226891
_d1226891